000 01491cam a22003974a 4500
001 13951852
003 OSt
005 20140310181722.0
008 050504s2006 enka b 001 0 eng
010 _a 2005012919
020 _a0521543207 (pbk.)
020 _a0521835577 (hbk.)
020 _a9780521835572 (hbk.)
020 _a9780521543200 (pbk.)
035 _a(OCoLC)ocm60323138
040 _aDLC
_cDLC
_dBAKER
_dBWKUK
_dDLC
042 _apcc
050 0 0 _aP 107
_b.Y95 2006
082 0 0 _aIB 410
_23rd edition
_bY9 2006
100 1 _aYule, George,
_d1947-
245 1 4 _aThe study of language /
_cGeorge Yule.
250 _a3rd ed.
260 _aCambridge, UK ;
_aNew York :
_bCambridge University Press,
_c2006
300 _ax, 273 p. :
_bill. ;
_c26 cm.
504 _aIncludes bibliographical references (p. [253]-264) and index.
562 _e1
650 0 _aLanguage and languages.
650 0 _aLinguistics.
856 4 2 _3Publisher description
_uhttp://www.loc.gov/catdir/enhancements/fy0642/2005012919-d.html
856 4 1 _3Table of contents only
_uhttp://www.loc.gov/catdir/enhancements/fy0642/2005012919-t.html
856 4 2 _3Contributor biographical information
_uhttp://www.loc.gov/catdir/enhancements/fy0733/2005012919-b.html
906 _a7
_bcbc
_corignew
_d1
_eecip
_f20
_gy-gencatlg
942 _2lcc
_cBK
999 _c2038
_d2038